|
|
|
|
| LEADER |
00000cam a2200000 4500 |
| 001 |
vtls012277928 |
| 003 |
SK-MaSNL |
| 005 |
20260301152400.0 |
| 008 |
250611s2024 xo o g h 010 1bcze |
| 015 |
|
|
|a SNBA2025/06
|
| 020 |
|
|
|a 9788082681560
|q (viazané)
|
| 040 |
|
|
|a SNK
|b slo
|c SNK
|e rda
|
| 041 |
1 |
|
|a cze
|h eng
|
| 044 |
|
|
|a xo
|c SK
|
| 072 |
|
7 |
|a 929
|x Biografie
|2 konspekt
|
| 080 |
|
|
|a 796.71.071.2
|2 2011
|
| 080 |
|
|
|a 796.71.093.52
|2 2011
|
| 080 |
|
|
|a 929(092)
|2 2011
|
| 100 |
1 |
|
|a Williams, Richard,
|d 1947-
|4 aut
|9 259842
|
| 240 |
1 |
0 |
|a My greatest defeat
|l Slovensky
|
| 245 |
1 |
0 |
|a Život a smrt Ayrtona Senny
|c Richard Williams ; překlad Matúš Pavlík
|
| 250 |
|
|
|a První vydání
|
| 264 |
|
1 |
|a [Bratislava]
|b MAMAŠ
|c 2024
|
| 300 |
|
|
|a 190 strán
|b fotografie
|c 23 cm
|
| 336 |
|
|
|a text
|b txt
|2 rdacontent
|
| 337 |
|
|
|a bez média
|b n
|2 rdamedia
|
| 338 |
|
|
|a zväzok
|b nc
|2 rdacarrier
|
| 490 |
1 |
|
|a Mamaš edícia F1
|
| 500 |
|
|
|a Miesto vydania podľa NA ISBN
|
| 500 |
|
|
|a Obsahuje biografické údaje o autorovi
|
| 600 |
1 |
7 |
|a Senna, Ayrton,
|d 1960-1994
|2 SNKMA
|9 260103
|
| 650 |
0 |
7 |
|a automobiloví pretekári
|2 SNKPH
|9 67444
|
| 650 |
0 |
7 |
|a piloti formule 1
|2 SNKPH
|9 69003
|
| 650 |
0 |
7 |
|a preteky formule 1
|2 SNKPH
|9 69303
|
| 650 |
0 |
7 |
|a Automobile racing drivers
|2 SNKPHeng
|9 330675
|
| 650 |
0 |
7 |
|a Grand Prix racing
|2 SNKPHeng
|9 330676
|
| 655 |
|
7 |
|a biografie
|2 SNKPH
|9 27965
|
| 655 |
|
7 |
|a Biography
|2 SNKPHeng
|9 266314
|
| 700 |
1 |
|
|a Pavlík, Matúš,
|d 1974-
|4 trl
|9 253707
|
| 830 |
|
0 |
|a Mamaš edícia F1
|9 512504
|
| 852 |
|
|
|a Slovenská národná knižnica
|
| 919 |
|
|
|a 978-80-8268-156-0
|
| 954 |
|
|
|a beletria cudzojazyčná (svetová)
|2 lita
|
| 958 |
|
|
|a LX
|
| 958 |
|
|
|a BC
|
| 958 |
|
|
|a UP
|
| 968 |
|
|
|b ENG
|
| 999 |
|
|
|c 789097
|d 791027
|
| 952 |
|
|
|a SNK
|b SNK
|c SNK_KF
|y PREZ
|7 6
|p 17A1567062
|o snkSC 210761
|i snk2025/9242
|8 0
|0 0
|1 0
|4 0
|d 2025-06-11
|l 0
|r 2026-02-24 01:31:20
|w 2026-02-24
|